| 000 | 00324nam a2200133 i 4500 | ||
|---|---|---|---|
| 001 | bg | ||
| 100 | 1 | _aJOHNSON, D. | |
| 245 | 0 |
_aSome Thermodynamics Aspects of Inorganic Chemistry / _cD. Johnson. |
|
| 260 |
_aCambridge, _c1968. |
||
| 040 | _cBPK | ||
| 041 | _apol | ||
| 942 | _cKS | ||
| 008 | s pl f |000 0 pol | ||
| 999 |
_c8550 _d8550 |
||
| 856 |
_uhttp://koha.tu.koszalin.pl/cgi-bin/koha/opac-detail.pl?biblionumber=8550 _yKatalog online BPK |
||